LEADER 01578nam a2200289 4500 001 000000340986 003 CaOOAMICUS 005 20200708135344.0 008 200708s1645 it 000 u ita r 026 $an-zo uses limo peac (3) 1645 (A) 040 $aSeMil$bita 100 11$aBorromeo, Carlo,$c.$0(OLS)http://semarc/name/3012 245 00$aLibretto de i ricordi al popolo della citta et diocese di Milano dati dall'ill. card. di S. Prassede, arcivescovo per il vivere christiano. ... 264 1$aIn Milano :$bPer Gio. Battista, & Giulio Cesare fratelli Malatesta Stampatori Reg. Cam.,$c1645. 300 $a33, [3] c. ;$c12° 500 $aBianche c. C10-12 500 $aSegn.: A-C¹² (-C¹²) 500 $aEmblema xilogr. dell'arcivescovado di Milano (trittico con S. Ambrogio tra i santo Gervaso e Protaso. Tales ambio defensor) sul front. 700 1 $aMalatesta, Giulio Cesare,$c.$0(OLS)http://semarc/name/81653 700 1 $aMalatesta, Giovanni Battista,$c.$0(OLS)http://semarc/name/38294 752 $aIT$dMilano 850 $aSeMil 852 $aSeMil$W1$xVenegono$y1$m3Z I 15/1 FA$j219750$B231990$CSeMilBibl$Z2$F231990 $8I 941 1 $a10 996 $6245$aLibretto de i ricordi al popolo della citta et diocese di Milano dati dall'ill. card. di S. Prassede, arcivescovo per il vivere christiano. ...$9(OLS)http://semarc/title/430041 996 $6264$aIn Milano :$bPer Gio. Battista, & Giulio Cesare fratelli Malatesta Stampatori Reg. Cam.$9(OLS)http://semarc/publisher/59106 LEADER 01094nam a2200241 i 4500 001 000000059633 003 CaOOAMICUS 005 20130130000000.0 008 130130s1913 xx u000 u fre u 013 $a30805 040 $aSeMil$bita 100 1 $aSurin, Jean Joseph,$c.$0(OLS)http://semarc/name/90167 245 14$aLes fondements de la vie spirituelle tirés du livre de l'Imitation de Jésus-Christ /$cpar le père Jean-Joseph Surin. 250 $aNouvelle édition, revue et corrigée. 260 $aParis :$bMignard Frères,$c1913. 300 $a334 p. ;$c16 cm. 490 0 $aNouvelle collection spirituelle 650 4$aVita spirituale.$0(OLS)http://semarc/subject/381 830 0$aNouvelle collection spirituelle.$0(OLS)http://semarc/title/37938 850 $aSeMil 852 $aSeMil$W1$xVenegono$y1$m2K I 33$j25786$B25786$CSeMilBibl$Z2$F25789 $81 996 $6245$aLes fondements de la vie spirituelle tirés du livre de l'Imitation de Jésus-Christ$9(OLS)http://semarc/title/93195 996 $6260$aParis :$bMignard Frères$9(OLS)http://semarc/publisher/37561